| 000 | 00633nam a22001577a 4500 | ||
|---|---|---|---|
| 008 | 230428b |||||||| |||| 00| 0 eng d | ||
| 040 |
_aNational Science Library _cNational Science Library |
||
| 080 |
_a537.311.33(082.2) _bL3 |
||
| 245 |
_aElectronic and structural properties of amorphous semiconductors _c/Academic Press, Proceedings of the thirteenth session of the Scottish universities summer school in physics, 1972 |
||
| 260 |
_aLondon: _bAcademic Press, _c1973 |
||
| 300 | _axiv, 630p. | ||
| 650 | _aAmorphous semiconductors | ||
| 653 | _aElectronic properties | ||
| 700 | _aComber, P G Le (Ed.) | ||
| 942 |
_2udc _cPR |
||
| 999 |
_c24665 _d24665 |
||